LEADER 01273nam a2200277 i 4500 001 000000052092 003 CaOOAMICUS 005 20100715000000.0 008 100715s1974 xx u000 u ger u 013 $a23264 020 $a3-7917-0344-7 040 $aSeMil$bita 100 1 $aFraling, Bernhard.$0(OLS)http://semarc/name/25724 245 10$aMystik und Geschichte :$bdas ghemeyne leven in der Lehre des Jan van Ruusbroec /$cBernhard Fraling. 260 $aRegensburg :$bFriedrich Pustet,$c1974. 300 $a508 p. ;$c22 cm. 490 0 $aStudien zur Geschichte der katholischen Moraltheologie ;$v20 500 $aContiene : Literature. 650 4$aMistica cristiana.$0(OLS)http://semarc/subject/911 650 4$aRuysbroec, Jan .$0(OLS)http://semarc/subject/9694 830 0$aStudien zur Geschichte der katholischen Moraltheologie ;$v20.$0(OLS)http://semarc/title/62 850 $aSeMil 852 $aSeMil$W1$xVenegono$y1$m2G II 88$j18247$B18247$CSeMilBibl$Z2$F18248 $81 996 $6020$a3-7917-0344-7$9(OLS)http://semarc/number/26413 996 $6245$aMystik und Geschichte :$bdas ghemeyne leven in der Lehre des Jan van Ruusbroec$9(OLS)http://semarc/title/79876 996 $6260$aRegensburg :$bFriedrich Pustet$9(OLS)http://semarc/publisher/29640 LEADER 02234nam a2200361 i 4500 001 000000352745 003 CaOOAMICUS 005 20230120102908.0 008 230120s2017 fr u100 u fre u 020 $a978-2-204-10981-9 040 $aSeMil$bita 111 2 $aJournée d'exégèse biblique <7 ; 2012 ; Strasbourg>.$0(OLS)http://semarc/name/117020 245 10$aLévitique 17, 10-12 :$ble sang et la vie : [actes de la 7e Journée d'exégèse biblique, Strasbourg, 29 mars 2012] /$c[organisée par l'] Institut d'études augustiniennes, Laboratoire d'études des monothéismes, CNRS-EPHE- Paris IV [et le ] Groupe de recherches sur les non-conformistes religieux des XVIe et XVIIe siècles et l'histoire des protestantismes, Université de Strasbourg ; ouvrage publié sous la direction de Matthieu Arnold, Gilbert Dahan et Annie Noblesse-Rocher. 264 1$aParis :$bLes Éditions du Cerf,$c2017. 300 $a178 p. ;$c22 cm. 490 1 $aCerf Patrimoines 490 1 $aLectio divina 490 0 $aÉtudes d'histoire de l'exégès ;$v7 650 4$aBibbia. Antico Testamento. Levitico - Commentari, studi, critica, interpretazioni.$0(OLS)http://semarc/subject/2771 650 4$aBibbia. Antico Testamento. Levitico - 17, 10-12.$0(OLS)http://semarc/subject/53313 700 1 $aNoblesse-Rocher, Annie,$d<1958- >.$0(OLS)http://semarc/name/10974 700 1 $aDahan, Gilbert,$d<1943- >.$0(OLS)http://semarc/name/10973 700 1 $aArnold, Matthieu,$d<1965- >.$0(OLS)http://semarc/name/10972 830 0$aCerf Patrimoines.$0(OLS)http://semarc/title/10690 830 0$aLectio divina .$0(OLS)http://semarc/title/8 830 0$aÉtudes d'histoire de l'exégès ;$v7.$0(OLS)http://semarc/title/33395 850 $aSeMil 852 $aSeMil$W1$xVenegono$y1$m2WA K 298$j236569$B243960$CSeMilBibl$Z2$F243960 $81 961 $aPerego don Stefano - omaggio 996 $6020$a978-2-204-10981-9$9(OLS)http://semarc/number/297503 996 $6245$aLévitique 17, 10-12 :$ble sang et la vie : [actes de la 7e Journée d'exégèse biblique, Strasbourg, 29 mars 2012]$9(OLS)http://semarc/title/442654 996 $6264$aParis :$bLes Éditions du Cerf$9(OLS)http://semarc/publisher/29611